000 00907nam a2200277Ia 4500
003 OSt
005 20221005062302.0
006 a|||||r|||| 00| 0
007 ta
008 221004b |||||||| |||| 00| 0 eng d
020 _a9780415828116 (pbk)
_cUKP 28.99
024 _a34344
037 _b1429, 15/09/2017, Bright Book Service
_cTextual
040 _aCRL
_cCRL
_beng
041 _2eng
_aeng
082 _aY73(P15):(U42), Q7
100 _aInghilleri Moira Au.
_9601641
245 0 _aTranslation and migration
260 _aLondon
_bRoutledge UK
_c2017
300 _axi,212p.
_ccm.
490 _aNew Perspectives in translation and interpreting studies
650 _a TRANSLATING AND INTERPRETING
650 _aIMMIGRATION AND EMIGRATION
942 _hY73(P15):(U42), Q7
_cTEXL
_2cc
999 _c969458
_d969458